Katai araṅkam; maṇikkataikaḷ. (Record no. 61835)

MARC details
000 -LEADER
fixed length control field 00672cam a2200229 4500
001 - CONTROL NUMBER
control field sa 65000958
003 - CONTROL NUMBER IDENTIFIER
control field DLC
005 - DATE AND TIME OF LATEST TRANSACTION
control field 20260227112106.0
008 - FIXED-LENGTH DATA ELEMENTS--GENERAL INFORMATION
fixed length control field 900918m19619999ii 000 1dtamo
010 ## - LIBRARY OF CONGRESS CONTROL NUMBER
LC control number sa 65000958
040 ## - CATALOGING SOURCE
Original cataloging agency DLC
Transcribing agency DLC
Modifying agency DLC
050 00 - LIBRARY OF CONGRESS CALL NUMBER
Classification number PL4758.8
Item number .K3
245 00 - TITLE STATEMENT
Title Katai araṅkam; maṇikkataikaḷ.
250 ## - EDITION STATEMENT
Edition statement [Mutar̲ patippu].
260 ## - PUBLICATION, DISTRIBUTION, ETC.
Place of publication, distribution, etc. Maturai,
Name of publisher, distributor, etc. Mīn̲āṭci Puttaka Nilaiyam,
Date of publication, distribution, etc. 1961-<2004>
300 ## - PHYSICAL DESCRIPTION
Extent v. <1-6 > ;
Dimensions 19 cm.
500 ## - GENERAL NOTE
General note Short stories.
500 ## - GENERAL NOTE
General note In Tamil.
500 ## - GENERAL NOTE
General note Includes brief biographical sketches of the authors.
650 #0 - SUBJECT ADDED ENTRY--TOPICAL TERM
Topical term or geographic name entry element Short stories, Tamil.
650 #0 - SUBJECT ADDED ENTRY--TOPICAL TERM
Topical term or geographic name entry element Tamil fiction
Chronological subdivision 20th century.

No items available.

Powered by Koha